000 00460cam a22001457a 4500
008 180718b1990 xxu||||| |||| 00| 0 eng d
082 _aAPPPA 89-90 BHA
100 _aBhatia, V.K.
245 _aElectro-medical equipments Rural & Urban priorities
_cby V.K. Bhatia
260 _aNew Delhi
_bIndian Institute of Public Administration
_c1990
300 _a146p.
650 _aUrban priorities
650 _aRural priorities
650 _aElectro-medical equipments
999 _c501478
_d501478